000
00202 a2200097 4500
001
9144
100
_a
Roberts, R.A.
245
_a
The fight for the Ashes
260
_a
_b
Harrap
_c
090
_c
7321
_d
7321
942
_a
NUST-CAE
_c
M
_c
33958
999
_c
244217
_d
244217